000 00204 a2200097 4500
001 2068
100 _aDraper, C S
245 _aInstrument engineering
260 _a
_bMc Graw Hill
_c
090 _c1527
_d1527
942 _aNUST-CAE
_cM
_c5858
999 _c237141
_d237141